书目信息 |
| 题名: |
西洋妙语
|
|
| 作者: | Smithback 著 | |
| 分册: | ||
| 出版信息: | 香港 明报有限公司 1985.10 |
|
| 页数: | 235页 | |
| 开本: | 20cm | |
| 丛书名: | ||
| 单 册: | ||
| 中图分类: | H313.3 | |
| 科图分类: | ||
| 主题词: | 英语 | |
| 电子资源: | ||
| ISBN: | ||
| 000 | 00518nam0 2200193 45 | |
| 001 | 0405060810 | |
| 005 | 20040506083840.7 | |
| 010 | @dCNY1.70 | |
| 100 | @a20040506d1985 km y0chiy0120 ea | |
| 101 | 0 | @achi |
| 105 | @a z 000yy | |
| 200 | 1 | @a西洋妙语@AXi Yang Miao Yu@f(英)Smith back 著@F(Ying)Smith back Zhu |
| 210 | @a香港@c明报有限公司@d1985.10 | |
| 215 | @a235页@d20cm | |
| 606 | 0 | @a英语 |
| 690 | @aH313.3@v3 | |
| 701 | 0 | @aSmithback@4著 |
| 801 | @aCN@bPftUser@c20040506 | |
| 905 | @f4@b166490-493@dH313.3@e102 | |
| 西洋妙语/(英)Smith back 著.-香港:明报有限公司,1985.10 |
| 235页;20cm |
| ISBN :CNY1.70 |
| ● |
| 相关链接 |
|
|
|
|
正题名:西洋妙语
索取号:H313.3/102
 
预约/预借
| 序号 | 登录号 | 条形码 | 馆藏地/架位号 | 状态 | 备注 |
| 1 | 0166490 | 001384683 | 第四借阅区/ [索取号:H313.3/102] | 在馆 | |
| 2 | 0166491 | 001384790 | 第四借阅区/ [索取号:H313.3/102] | 在馆 | |
| 3 | 0166492 | 001384807 | 第四借阅区/ [索取号:H313.3/102] | 在馆 | |
| 4 | 0166493 | 001384763 | 第四借阅区/ [索取号:H313.3/102] | 在馆 | |
| 5 | 0166494 | 001384754 | 第二样本阅览室/ [索取号:H313.3/102] | 在馆 |